[Event "Mecklenburg VP 1-Hessen 3"]
[Site "Gladenbach"]
[Date "2011.09.15"]
[Round "5.4"]
[White "Kühn, Peter"]
[Black "Schlag, Franz"]
[Result "1/2-1/2"]
[WhiteElo "1826"]
[BlackElo "1847"]
[PlyCount "33"]
[EventDate "2011.??.??"]
[WhiteTeam "Mecklenburg VP 1"]
[BlackTeam "Hessen 3"]

1. e4 e5 2. Nf3 d6 3. d4 Nd7 4. Bc4 Be7 5. Nc3 c6 6. O-O Nb6 7. Bb3 Qc7 8. h3
Nf6 9. a4 a5 10. Be3 exd4 11. Nxd4 O-O 12. f4 d5 13. exd5 Nbxd5 14. Nxd5 Nxd5
15. Bxd5 cxd5 16. Nb5 Qc6 17. Qd3 1/2-1/2

[Event "Bremen-Sachsen Anhalt 2"]
[Site "Gladenbach"]
[Date "2011.09.15"]
[Round "5.1"]
[White "Hamm, Georg"]
[Black "Schoene, Armin"]
[Result "1/2-1/2"]
[WhiteElo "2022"]
[BlackElo "2017"]
[PlyCount "45"]
[EventDate "2011.??.??"]
[WhiteTeam "Sachsen Anhalt 2"]
[BlackTeam "Bremen"]

1. c4 f5 2. Nc3 d6 3. d4 Nf6 4. Nf3 g6 5. g3 Bg7 6. Bg2 O-O 7. O-O Qe8 8. d5
Na6 9. Nd4 Bd7 10. Rb1 c6 11. Nb3 c5 12. Nd2 Nc7 13. e4 fxe4 14. Ndxe4 Nxe4 15.
Nxe4 b5 16. b3 h6 17. Bb2 Qf7 18. Qd2 b4 19. a3 a5 20. a4 Ne8 21. h3 Kh7 22.
Kh2 Bxb2 23. Qxb2 1/2-1/2

[Event "Bremen-Sachsen Anhalt 2"]
[Site "Gladenbach"]
[Date "2011.09.15"]
[Round "5.2"]
[White "Gerhardt, Peter-Michael"]
[Black "Liebscher, Helmar"]
[Result "1/2-1/2"]
[WhiteElo "1916"]
[BlackElo "1990"]
[PlyCount "23"]
[EventDate "2011.??.??"]
[WhiteTeam "Bremen"]
[BlackTeam "Sachsen Anhalt 2"]

1. d4 Nf6 2. c4 e6 3. a3 b6 4. Nc3 Bb7 5. Bg5 d5 6. cxd5 exd5 7. e3 Be7 8. Nf3
O-O 9. Bd3 Ne4 10. Bxe7 Qxe7 11. Qc2 f5 12. Ne5 1/2-1/2

[Event "Bremen-Sachsen Anhalt 2"]
[Site "Gladenbach"]
[Date "2011.09.15"]
[Round "5.3"]
[White "Kirmas, Joachim"]
[Black "Pundt, Wilfried"]
[Result "1/2-1/2"]
[WhiteElo "1957"]
[BlackElo "1760"]
[PlyCount "47"]
[EventDate "2011.??.??"]
[WhiteTeam "Sachsen Anhalt 2"]
[BlackTeam "Bremen"]

1. e4 d6 2. d4 g6 3. Nc3 Bg7 4. Be3 Nd7 5. Nf3 b6 6. Qd2 Bb7 7. Bd3 Ngf6 8. Bh6
O-O 9. Bxg7 Kxg7 10. h4 h5 11. O-O-O e5 12. d5 Nc5 13. Ng5 a6 14. Be2 b5 15. a3
Bc8 16. f4 Ng4 17. Bxg4 Bxg4 18. Nf3 exf4 19. Qxf4 Qf6 20. Qe3 Nd7 21. Rdf1 Qe7
22. Nh2 Ne5 23. Nxg4 Nxg4 24. Qf3 1/2-1/2

[Event "Bremen-Sachsen Anhalt 2"]
[Site "Gladenbach"]
[Date "2011.09.15"]
[Round "5.4"]
[White "Dietrich, Igor"]
[Black "Just, Joachim"]
[Result "1/2-1/2"]
[WhiteElo "1716"]
[BlackElo "1894"]
[PlyCount "54"]
[EventDate "2011.??.??"]
[WhiteTeam "Bremen"]
[BlackTeam "Sachsen Anhalt 2"]

1. e4 e6 2. d4 d5 3. Nc3 dxe4 4. Nxe4 Nd7 5. Nf3 Ngf6 6. Bd3 Nxe4 7. Bxe4 Nf6
8. Bg5 Be7 9. Bd3 c5 10. Qd2 Bd7 11. dxc5 Bxc5 12. Ne5 h6 13. Bh4 Bd4 14. Nxd7
Qxd7 15. O-O Rd8 16. Rad1 a6 17. c3 Bb6 18. h3 Qc7 19. Rfe1 Rd7 20. Bxf6 gxf6
21. Qc2 Ke7 22. Be4 Rhd8 23. Rxd7+ Rxd7 24. Rd1 Ba7 25. Rxd7+ Qxd7 26. Qd3 Qc7
27. g3 b5 1/2-1/2

[Event "Schleswig Holstein 2-Mecklenburg VP 2"]
[Site "Gladenbach"]
[Date "2011.09.15"]
[Round "5.1"]
[White "Pamperin, Gerhard"]
[Black "Böhm, Eckart"]
[Result "0-1"]
[WhiteElo "1805"]
[BlackElo "1916"]
[PlyCount "70"]
[EventDate "2011.??.??"]
[WhiteTeam "Mecklenburg VP 2"]
[BlackTeam "Schleswig Holstein 2"]

1. d4 Nf6 2. c4 e6 3. Nf3 b6 4. g3 Bb7 5. Bg2 Bb4+ 6. Bd2 Bxd2+ 7. Nbxd2 O-O 8.
O-O d6 9. e3 Ne4 10. Nxe4 Bxe4 11. Qe2 a5 12. a3 Nd7 13. b4 Qe7 14. Qd2 Qf6 15.
Nh4 Bxg2 16. Nxg2 Qe7 17. Rfd1 f5 18. Nf4 g5 19. Ne2 h5 20. Nc3 Nf6 21. e4 f4
22. f3 Kh8 23. e5 Nh7 24. exd6 cxd6 25. Qe2 g4 26. Nd5 Qg7 27. Nxf4 Rxf4 28.
Qxe6 Rxd4 29. fxg4 Ng5 30. Qe2 hxg4 31. Rac1 Rf8 32. Kh1 Nh3 33. Rf1 Qb7+ 34.
Qg2 Rxf1+ 35. Rxf1 Qxg2+ 0-1

[Event "Schleswig Holstein 2-Mecklenburg VP 2"]
[Site "Gladenbach"]
[Date "2011.09.15"]
[Round "5.2"]
[White "Lehmann, Erwin"]
[Black "Nauschütz, Ernst"]
[Result "0-1"]
[WhiteElo "1931"]
[BlackElo "1844"]
[PlyCount "96"]
[EventDate "2011.??.??"]
[WhiteTeam "Schleswig Holstein 2"]
[BlackTeam "Mecklenburg VP 2"]

1. c4 c5 2. Nc3 g6 3. g3 Bg7 4. Bg2 Nc6 5. Nf3 e5 6. O-O Nge7 7. Rb1 a5 8. a3
Rb8 9. Ne1 O-O 10. Nd3 d6 11. b4 Bf5 12. b5 Nd4 13. Ne4 Be6 14. Nb2 h6 15. e3
Ndf5 16. d3 b6 17. Na4 d5 18. cxd5 Bxd5 19. Nac3 Bb7 20. Qc2 Nd6 21. Nxd6 Qxd6
22. Ne4 Qd7 23. Bb2 f5 24. Nd2 Rfd8 25. Nc4 Bxg2 26. Kxg2 Qe6 27. Rfd1 Rd7 28.
Rd2 Rbd8 29. Rbd1 g5 30. Bc3 Ng6 31. Re1 h5 32. Qd1 h4 33. h3 g4 34. f4 gxh3+
35. Kxh3 hxg3 36. Kxg3 Kf7 37. Qf3 Rh8 38. fxe5 f4+ 39. Kf2 Rh2+ 40. Kg1 Rxd2
41. Bxd2 Rxd3 42. Nd6+ Kg8 43. Re2 Qxe5 44. Nc4 Qe6 45. Qh5 fxe3 46. Rxe3 Bd4
47. Qe2 Qxc4 48. Kh2 Bxe3 0-1

[Event "Schleswig Holstein 2-Mecklenburg VP 2"]
[Site "Gladenbach"]
[Date "2011.09.15"]
[Round "5.3"]
[White "Krieg, Peter"]
[Black "Meyer, Heinz"]
[Result "0-1"]
[WhiteElo "1738"]
[BlackElo "1852"]
[PlyCount "83"]
[EventDate "2011.??.??"]
[WhiteTeam "Mecklenburg VP 2"]
[BlackTeam "Schleswig Holstein 2"]

1. e4 c6 2. Nc3 d5 3. exd5 cxd5 4. Bb5+ Nc6 5. d4 Bf5 6. Nf3 Nf6 7. O-O e6 8.
Bg5 h6 9. Bh4 Be7 10. Ne2 O-O 11. c3 Rc8 12. Ng3 Bh7 13. Bxf6 Bxf6 14. Qa4 Qb6
15. b4 a6 16. Be2 Na7 17. Qb3 Qc7 18. Rac1 a5 19. Rfd1 Bg6 20. Bd3 Bxd3 21.
Rxd3 Qf4 22. Re1 Nc6 23. Nh5 Qf5 24. Nxf6+ gxf6 25. Qd1 Kh7 26. Nh4 Qg5 27. Rh3
Rg8 28. Ree3 Qg4 29. Qd3+ f5 30. Reg3 Qf4 31. Qe3 Qxe3 32. Rxe3 Nxd4 33. Kf1
Nc6 34. f4 Rg4 35. g3 Rgg8 36. Nf3 d4 37. cxd4 Nxb4 38. Ne5 Rc1+ 39. Kf2 Kg7
40. a3 Nd5 41. Rd3 Rgc8 42. Rh4 0-1

[Event "Schleswig Holstein 2-Mecklenburg VP 2"]
[Site "Gladenbach"]
[Date "2011.09.15"]
[Round "5.4"]
[White "Gehrmann, Dorit"]
[Black "Segebarth, Bernd"]
[Result "1/2-1/2"]
[WhiteElo "1836"]
[BlackElo "1646"]
[PlyCount "111"]
[EventDate "2011.??.??"]
[WhiteTeam "Schleswig Holstein 2"]
[BlackTeam "Mecklenburg VP 2"]

1. e4 e6 2. d4 d5 3. Nc3 dxe4 4. Nxe4 Bd7 5. Nf3 Bc6 6. Bd3 Nd7 7. Qe2 Ngf6 8.
Nxf6+ Nxf6 9. O-O Bxf3 10. Qxf3 c6 11. c3 Qd5 12. Qe2 Qh5 13. Qxh5 Nxh5 14. Be3
Bd6 15. f4 O-O 16. f5 exf5 17. Rxf5 g6 18. Rf3 f5 19. Bh6 Rfe8 20. Bc4+ Kh8 21.
Raf1 Bf8 22. Bxf8 Rxf8 23. g4 Ng7 24. Bd3 Rae8 25. gxf5 Nxf5 26. Bxf5 Rxf5 27.
Rxf5 gxf5 28. Rxf5 Re2 29. Rf2 Re7 30. Kg2 Kg7 31. Kf3 h6 32. Rg2+ Kf7 33. h4
Re1 34. h5 Rh1 35. Kg4 Rf1 36. Kg3 Rh1 37. Rh2 Re1 38. Kg4 Rg1+ 39. Kf5 Re1 40.
Kf4 Rg1 41. Ke5 Ke7 42. Kf5 Kf7 43. Ke4 Ke6 44. Kd3 Rg3+ 45. Kc4 Rg5 46. a4 Kd6
47. Rh3 Rg2 48. b4 Rg5 49. Kd3 a5 50. Kc4 axb4 51. Kxb4 b6 52. Rh4 Ke6 53. c4
Kd6 54. c5+ bxc5+ 55. dxc5+ Kc7 56. Rh1 1/2-1/2

[Event "Hessen 1-Bayern 1"]
[Site "Gladenbach"]
[Date "2011.09.16"]
[Round "6.1"]
[White "Göhring, Karl-Heinz"]
[Black "Donchenko, Anatoly"]
[Result "1/2-1/2"]
[WhiteElo "2243"]
[BlackElo "2329"]
[PlyCount "22"]
[EventDate "2011.??.??"]
[WhiteTeam "Bayern 1"]
[BlackTeam "Hessen 1"]

1. d4 d5 2. c4 dxc4 3. Nf3 a6 4. a4 Nf6 5. e3 e6 6. Bxc4 c5 7. O-O Nc6 8. Nc3
Be7 9. dxc5 Qxd1 10. Rxd1 Bxc5 11. Kf1 Be7 1/2-1/2

[Event "Hessen 1-Bayern 1"]
[Site "Gladenbach"]
[Date "2011.09.16"]
[Round "6.2"]
[White "Klundt, Klaus"]
[Black "Röder, Gerd"]
[Result "1/2-1/2"]
[WhiteElo "2356"]
[BlackElo "2095"]
[PlyCount "110"]
[EventDate "2011.??.??"]
[WhiteTeam "Hessen 1"]
[BlackTeam "Bayern 1"]

1. e4 c5 2. Nf3 Nc6 3. d4 cxd4 4. Nxd4 Nf6 5. Nc3 e5 6. Ndb5 d6 7. Bg5 a6 8.
Na3 d5 9. Nxd5 Bxa3 10. bxa3 Qa5+ 11. Qd2 Qxd2+ 12. Bxd2 Nxd5 13. exd5 Nd4 14.
O-O-O Bf5 15. c3 Rc8 16. Kb2 Nb5 17. c4 Nd6 18. Rc1 O-O 19. Be3 b5 20. c5 Nc4+
21. Bxc4 bxc4 22. Rxc4 Rfd8 23. d6 Rxd6 24. Rh4 Rdc6 25. Rb4 f6 26. Rd1 Kf7 27.
Rb7+ R8c7 28. Rxc7+ Rxc7 29. Rd6 Bc8 30. Kc3 Ke7 31. g3 Bb7 32. Rb6 Kd7 33. Kb4
Bc8 34. Rd6+ Ke7 35. f4 Rb7+ 36. Kc3 Rd7 37. Rb6 Rc7 38. fxe5 fxe5 39. Kc4 Bb7
40. a4 h6 41. Bc1 Bf3 42. Ba3 Rc6 43. Rb8 Bg2 44. a5 Ke6 45. Bb2 Bd5+ 46. Kb4
Kf5 47. Rd8 Bxa2 48. Rd6 Rxd6 49. cxd6 Ke6 50. Bxe5 g6 51. Kc5 Kd7 52. Bf4 h5
53. Kd4 Ke6 54. Kc5 Kd7 55. Kb6 Bc4 1/2-1/2

[Event "Hessen 1-Bayern 1"]
[Site "Gladenbach"]
[Date "2011.09.16"]
[Round "6.4"]
[White "Haubt, Georg"]
[Black "Oechslein, Rainer"]
[Result "1/2-1/2"]
[WhiteElo "2147"]
[BlackElo "2110"]
[PlyCount "63"]
[EventDate "2011.??.??"]
[WhiteTeam "Hessen 1"]
[BlackTeam "Bayern 1"]

1. e4 c5 2. Nf3 d6 3. c3 Nf6 4. Bd3 e5 5. O-O Nc6 6. Bc2 Be7 7. d4 O-O 8. d5
Nb8 9. h3 Nbd7 10. a4 Ne8 11. Na3 g6 12. Bh6 Ng7 13. Qd2 Nf6 14. Nc4 Kh8 15.
Nfxe5 dxe5 16. d6 Ng8 17. dxe7 Qxe7 18. Bg5 f6 19. Bh4 g5 20. Bg3 Nh5 21. Bh2
Be6 22. Ne3 Rad8 23. Nd5 Qf7 24. Rfd1 Ne7 25. Bb3 Nf4 26. Bxf4 exf4 27. f3 Rd7
28. a5 Rfd8 29. c4 Nc6 30. Ba4 a6 31. Qf2 Qf8 32. Qe1 1/2-1/2

[Event "NRW 1-Niedersachsen 1"]
[Site "Gladenbach"]
[Date "2011.09.16"]
[Round "6.1"]
[White "Clemens, Christian"]
[Black "Khanukov, Boris"]
[Result "0-1"]
[WhiteElo "2241"]
[BlackElo "2222"]
[PlyCount "104"]
[EventDate "2011.??.??"]
[WhiteTeam "Niedersachsen 1"]
[BlackTeam "NRW 1"]

1. g3 d5 2. Nf3 Nf6 3. Bg2 e6 4. d4 Be7 5. O-O O-O 6. c4 c6 7. Qc2 b5 8. b3
bxc4 9. bxc4 Nbd7 10. Nbd2 a5 11. e4 Ba6 12. Re1 Nb6 13. Ne5 Rc8 14. c5 Nbd7
15. Nxd7 Nxd7 16. e5 Rb8 17. Bb2 Qc7 18. Bc3 Ra8 19. Bh3 a4 20. a3 Rfb8 21. Kh1
Nf8 22. f4 Bb5 23. Re3 g6 24. Rg1 Qd7 25. g4 Kh8 26. Nf3 Bc4 27. Bb4 Bd8 28. f5
Qe8 29. Qd2 Nd7 30. Rc3 Qg8 31. Ng5 Nf8 32. Rf3 Rb7 33. Bf1 Bxf1 34. Rfxf1 Bxg5
35. Qxg5 gxf5 36. Qxg8+ Kxg8 37. gxf5+ Kh8 38. f6 Ng6 39. Rg4 Rg8 40. Rfg1 Rbb8
41. Bd2 Rb3 42. Bb4 Rd3 43. R1g2 h5 44. Rg5 Rd1+ 45. Rg1 Rxg1+ 46. Kxg1 Nf4 47.
Rxg8+ Kxg8 48. Kf1 Kh7 49. Ke1 Kg6 50. Kd2 Kf5 51. Kc2 Ke4 52. Bd2 Ne2 0-1

[Event "NRW 1-Niedersachsen 1"]
[Site "Gladenbach"]
[Date "2011.09.16"]
[Round "6.2"]
[White "Rotstein, Jefim"]
[Black "Dornieden, Manfred"]
[Result "1-0"]
[WhiteElo "2263"]
[BlackElo "2092"]
[PlyCount "113"]
[EventDate "2011.??.??"]
[WhiteTeam "NRW 1"]
[BlackTeam "Niedersachsen 1"]

1. f4 g6 2. Nf3 Bg7 3. d3 d6 4. e4 c5 5. Be2 Nc6 6. O-O Nf6 7. Qe1 O-O 8. Qh4
Nd4 9. Nxd4 cxd4 10. f5 Nd7 11. Nd2 Ne5 12. Nf3 Nxf3+ 13. Rxf3 Bf6 14. Bg5 Bxg5
15. Qxg5 f6 16. Qh6 g5 17. Rh3 Rf7 18. Bh5 Qf8 19. Bxf7+ Qxf7 20. Rg3 Qg7 21.
Qxg7+ Kxg7 22. h4 h6 23. Kf2 Bd7 24. Ke2 Rc8 25. Kd2 Rc5 26. Rh1 Be8 27. Rf3
Bf7 28. g4 a5 29. hxg5 hxg5 30. Rfh3 Rb5 31. b3 Rc5 32. Rh7+ Kf8 33. Rb1 Re5
34. c3 dxc3+ 35. Kxc3 d5 36. Kd4 dxe4 37. dxe4 Rb5 38. Rc1 Kg8 39. Rh2 Rb4+ 40.
Kd3 a4 41. bxa4 Rxa4 42. Rb2 Ra7 43. Rc8+ Kg7 44. Rc7 Ra3+ 45. Kd2 b5 46. Rxe7
Kf8 47. Rc7 Bc4 48. Kc1 Re3 49. Rh2 Kg8 50. Rd2 Rc3+ 51. Kb2 Rd3 52. Rxd3 Bxd3
53. Re7 Be2 54. Rb7 Bxg4 55. Rxb5 Bf3 56. Rb4 g4 57. Kc3 1-0

[Event "NRW 1-Niedersachsen 1"]
[Site "Gladenbach"]
[Date "2011.09.16"]
[Round "6.3"]
[White "Ljubarskij, Juri"]
[Black "Rosen, Willy"]
[Result "1/2-1/2"]
[WhiteElo "2133"]
[BlackElo "2222"]
[PlyCount "63"]
[EventDate "2011.??.??"]
[WhiteTeam "Niedersachsen 1"]
[BlackTeam "NRW 1"]

1. e4 c5 2. Nf3 Nc6 3. d4 cxd4 4. Nxd4 Qb6 5. Nb3 Nf6 6. Nc3 e6 7. Bd3 Bb4 8.
O-O Bxc3 9. bxc3 O-O 10. Be3 Qc7 11. f4 Ne8 12. Rf3 f6 13. Qe1 b6 14. Qh4 Rf7
15. Rh3 g6 16. Rf1 Ne7 17. f5 e5 18. Nd2 Nd6 19. Qh6 gxf5 20. exf5 Kh8 21. g4
Bb7 22. Rg3 e4 23. Be2 Nd5 24. Bd4 e3 25. Nf3 Ne4 26. Rg2 Nf4 27. Bd3 Nxg2 28.
Kxg2 Nd2 29. Bxf6+ Kg8 30. Qg5+ Kf8 31. Qh6+ Kg8 32. Qg5+ 1/2-1/2

[Event "NRW 1-Niedersachsen 1"]
[Site "Gladenbach"]
[Date "2011.09.16"]
[Round "6.4"]
[White "Schippan, Bernhard"]
[Black "Adibekian, Roubik"]
[Result "1/2-1/2"]
[WhiteElo "2212"]
[BlackElo "2051"]
[PlyCount "107"]
[EventDate "2011.??.??"]
[WhiteTeam "NRW 1"]
[BlackTeam "Niedersachsen 1"]

1. e4 d5 2. exd5 Nf6 3. Bb5+ Bd7 4. Be2 Nxd5 5. d4 Bf5 6. Nf3 e6 7. O-O Be7 8.
a3 O-O 9. c4 Nb6 10. Nc3 Nc6 11. Be3 Bf6 12. b4 Qe7 13. c5 Nd5 14. Nxd5 exd5
15. b5 Nd8 16. Re1 Ne6 17. Qb3 Rfd8 18. a4 Be4 19. Rad1 b6 20. c6 Qf8 21. Qa2
g5 22. Qd2 Qg7 23. Rf1 Rd6 24. Ne1 Re8 25. Bg4 Qg6 26. f3 Bf5 27. Bxf5 Qxf5 28.
Nc2 h5 29. Nb4 Ng7 30. Na6 Bd8 31. Bf2 Rde6 32. Rfe1 Rxe1+ 33. Bxe1 g4 34. f4
Re4 35. g3 Qe6 36. Bf2 Nf5 37. Kf1 Nd6 38. Re1 f5 39. Qd3 Kf7 40. Re2 Rxe2 41.
Qxe2 Qxe2+ 42. Kxe2 Ke6 43. Be1 Ne8 44. Ke3 Bf6 45. Kd3 Be7 46. Bb4 h4 47. Bxe7
hxg3 48. hxg3 Kxe7 49. Nb4 Nf6 50. Nc2 Ne4 51. Ne3 Kd6 52. Nf1 Nf2+ 53. Ke2 Ne4
54. Kd3 1/2-1/2

[Event "Baden 1-NRW 2"]
[Site "Gladenbach"]
[Date "2011.09.16"]
[Round "6.1"]
[White "Bakhmatov, Eduard"]
[Black "Nekrasov, Michail"]
[Result "1/2-1/2"]
[WhiteElo "2189"]
[BlackElo "2280"]
[PlyCount "24"]
[EventDate "2011.??.??"]
[WhiteTeam "NRW 2"]
[BlackTeam "Baden 1"]

1. Nf3 d5 2. g3 c6 3. Bg2 Bg4 4. d4 Nd7 5. O-O Ngf6 6. b3 e6 7. Bb2 Be7 8. Nbd2
a5 9. a3 Bf5 10. Nh4 Ne4 11. Nxf5 exf5 12. f3 Nxd2 1/2-1/2

[Event "Baden 1-NRW 2"]
[Site "Gladenbach"]
[Date "2011.09.16"]
[Round "6.2"]
[White "Schulze, Ulrich"]
[Black "Maslak, Sulejman"]
[Result "1/2-1/2"]
[WhiteElo "2210"]
[BlackElo "2240"]
[PlyCount "92"]
[EventDate "2011.??.??"]
[WhiteTeam "Baden 1"]
[BlackTeam "NRW 2"]

1. d4 d5 2. Nf3 Nf6 3. c4 e6 4. g3 Be7 5. Bg2 O-O 6. O-O Ne4 7. Nbd2 Nc6 8. e3
f5 9. Qc2 Kh8 10. Ne1 b6 11. Nd3 Nb4 12. Nxb4 Bxb4 13. Nxe4 fxe4 14. c5 bxc5
15. a3 Ba5 16. dxc5 c6 17. b4 Bc7 18. Rd1 Qf6 19. Bb2 Be5 20. Bxe5 Qxe5 21. a4
a6 22. Rab1 h6 23. Bf1 Ra7 24. b5 axb5 25. axb5 cxb5 26. c6 Raf7 27. Rd2 h5 28.
Qb2 Qxb2 29. Rbxb2 Rc7 30. Bxb5 Kg8 31. h4 Kf7 32. Be2 g6 33. Bb5 Ke7 34. Kf1
Kd6 35. Ke1 e5 36. Bc4 Rxc6 37. Rxd5+ Kc7 38. Be2 Rc1+ 39. Rd1 Rc5 40. Rb5 Rxb5
41. Bxb5 Bf5 42. Rd5 Ra8 43. Be2 Ra1+ 44. Kd2 Ra2+ 45. Ke1 Ra1+ 46. Rd1 Ra2
1/2-1/2

[Event "Baden 1-NRW 2"]
[Site "Gladenbach"]
[Date "2011.09.16"]
[Round "6.3"]
[White "Bachmann, Karlheinz"]
[Black "Biebinger, Gerhard"]
[Result "1/2-1/2"]
[WhiteElo "2210"]
[BlackElo "2195"]
[PlyCount "37"]
[EventDate "2011.??.??"]
[WhiteTeam "NRW 2"]
[BlackTeam "Baden 1"]

1. d4 d5 2. c4 dxc4 3. Nf3 Nf6 4. e3 e6 5. Bxc4 c5 6. O-O Nc6 7. Nc3 Be7 8.
dxc5 Qxd1 9. Rxd1 Bxc5 10. a3 O-O 11. b4 Be7 12. Bb2 a6 13. Rac1 Rd8 14. Bb3
Bd7 15. Na4 Be8 16. Nc5 Rxd1+ 17. Bxd1 Nd8 18. Ne5 a5 19. Bd4 1/2-1/2

[Event "Baden 1-NRW 2"]
[Site "Gladenbach"]
[Date "2011.09.16"]
[Round "6.4"]
[White "Gierth, Hans-Joachim"]
[Black "Groß, Werner"]
[Result "1-0"]
[WhiteElo "2226"]
[BlackElo "2095"]
[PlyCount "79"]
[EventDate "2011.??.??"]
[WhiteTeam "Baden 1"]
[BlackTeam "NRW 2"]

1. d4 Nf6 2. Bf4 b6 3. e3 Bb7 4. Nf3 e6 5. Nbd2 c5 6. c3 Be7 7. Bd3 Nh5 8. Bg3
f5 9. dxc5 bxc5 10. Qe2 O-O 11. Ne5 g6 12. f4 Nc6 13. Nef3 d5 14. Bf2 Qd6 15.
g3 e5 16. fxe5 Nxe5 17. Nxe5 Qxe5 18. Nf3 Qc7 19. O-O Nf6 20. c4 a6 21. cxd5
Nxd5 22. e4 Nb4 23. Bc4+ Kh8 24. a3 fxe4 25. axb4 exf3 26. Qe3 Bf6 27. bxc5
Bxb2 28. Rab1 Bg7 29. Rb6 Rf6 30. Rb3 a5 31. Rd1 Bc6 32. Bb5 a4 33. Bxc6 Rxc6
34. Rbd3 Rc8 35. Qe4 Qf7 36. Qxc6 Qf5 37. Qd5 Qg4 38. c6 h5 39. h3 Qxh3 40.
Rxf3 1-0

[Event "Sachsen-Württemberg 1"]
[Site "Gladenbach"]
[Date "2011.09.16"]
[Round "6.2"]
[White "Bodach, Hans"]
[Black "Rädeker, Bernd"]
[Result "1/2-1/2"]
[WhiteElo "2113"]
[BlackElo "2096"]
[PlyCount "22"]
[EventDate "2011.??.??"]
[WhiteTeam "Sachsen"]
[BlackTeam "Württemberg 1"]

1. e4 e5 2. Nf3 Nc6 3. Bb5 a6 4. Ba4 Nf6 5. O-O b5 6. Bb3 Bb7 7. Re1 Bc5 8. c3
Bb6 9. d3 O-O 10. Be3 Bxe3 11. Rxe3 d6 1/2-1/2

[Event "Sachsen-Württemberg 1"]
[Site "Gladenbach"]
[Date "2011.09.16"]
[Round "6.3"]
[White "Rapp, Uwe"]
[Black "Weidlich, Günter"]
[Result "1/2-1/2"]
[WhiteElo "2080"]
[BlackElo "2110"]
[PlyCount "21"]
[EventDate "2011.??.??"]
[WhiteTeam "Württemberg 1"]
[BlackTeam "Sachsen"]

1. b3 d5 2. Bb2 c5 3. e3 Nc6 4. Bb5 Bd7 5. f4 a6 6. Bxc6 Bxc6 7. Nf3 f6 8. O-O
e6 9. d3 Bd6 10. Nbd2 Ne7 11. Qe2 1/2-1/2

[Event "Sachsen-Württemberg 1"]
[Site "Gladenbach"]
[Date "2011.09.16"]
[Round "6.4"]
[White "Lenk, Wolfgang"]
[Black "Gerstenberger, Heinz"]
[Result "1/2-1/2"]
[WhiteElo "2071"]
[BlackElo "2055"]
[PlyCount "24"]
[EventDate "2011.??.??"]
[WhiteTeam "Sachsen"]
[BlackTeam "Württemberg 1"]

1. e4 e6 2. d4 d5 3. Nc3 Nc6 4. Bb5 Nge7 5. Nf3 a6 6. Ba4 dxe4 7. Nxe4 b5 8.
Bb3 Na5 9. c3 Nxb3 10. axb3 Nf5 11. O-O Bb7 12. Re1 Be7 1/2-1/2

[Event "Hamburg-Sachsen Anhalt 1"]
[Site "Gladenbach"]
[Date "2011.09.16"]
[Round "6.1"]
[White "Liebert, Heinz"]
[Black "Hess, Christian"]
[Result "1/2-1/2"]
[WhiteElo "2163"]
[BlackElo "2179"]
[PlyCount "21"]
[EventDate "2011.??.??"]
[WhiteTeam "Sachsen Anhalt 1"]
[BlackTeam "Hamburg"]

1. c4 c6 2. Nf3 Nf6 3. d4 d5 4. cxd5 cxd5 5. Nc3 Nc6 6. Bf4 Bf5 7. e3 e6 8. Bd3
Bxd3 9. Qxd3 a6 10. O-O Be7 11. h3 1/2-1/2

[Event "Hamburg-Sachsen Anhalt 1"]
[Site "Gladenbach"]
[Date "2011.09.16"]
[Round "6.3"]
[White "Csulits, Anton"]
[Black "Engelbert, Christoph"]
[Result "0-1"]
[WhiteElo "2051"]
[BlackElo "2090"]
[PlyCount "74"]
[EventDate "2011.??.??"]
[WhiteTeam "Sachsen Anhalt 1"]
[BlackTeam "Hamburg"]

1. d4 g6 2. e4 Bg7 3. Nc3 d6 4. Bg5 a6 5. Qd2 b5 6. a3 Nd7 7. Nf3 c5 8. Be2
Ngf6 9. e5 cxd4 10. Qxd4 dxe5 11. Nxe5 Bb7 12. Bf3 Bxf3 13. Nxf3 O-O 14. Rd1
Qc7 15. O-O Rac8 16. Qb4 Nb6 17. Rfe1 e6 18. Qa5 Qb7 19. Rd6 Nc4 20. Qxa6 Nxd6
21. Qxd6 Rfd8 22. Qb4 Rc4 23. Qxb5 Qxb5 24. Nxb5 Rxc2 25. b4 Rd3 26. Nbd4 Ra2
27. b5 Nd7 28. Rc1 Bxd4 29. Nxd4 Rxd4 30. Bh6 Rc2 31. Re1 Rc3 32. Be3 Ra4 33.
Rd1 Rcxa3 34. g3 Ra1 35. Bc1 Rc4 36. Rxd7 Raxc1+ 37. Kg2 Rb1 0-1

[Event "Hamburg-Sachsen Anhalt 1"]
[Site "Gladenbach"]
[Date "2011.09.16"]
[Round "6.4"]
[White "Horn, Peter"]
[Black "Werchan, Hans"]
[Result "1-0"]
[WhiteElo "2096"]
[BlackElo "2019"]
[PlyCount "48"]
[EventDate "2011.??.??"]
[WhiteTeam "Hamburg"]
[BlackTeam "Sachsen Anhalt 1"]

1. c4 Nf6 2. g3 c5 3. Bg2 d5 4. cxd5 Nxd5 5. Nc3 Nc7 6. Nf3 Nc6 7. O-O e5 8. a3
Be7 9. b4 f6 10. bxc5 Bxc5 11. Qb3 Rb8 12. Ng5 fxg5 13. Bxc6+ Bd7 14. Bxd7+
Qxd7 15. Ne4 Be7 16. Bb2 Bf6 17. Rac1 Ne6 18. e3 b6 19. f4 gxf4 20. gxf4 Rf8
21. fxe5 Be7 22. d4 Ng5 23. Rxf8+ Kxf8 24. Rf1+ Ke8 1-0

[Event "Berlin 1-Baden 2"]
[Site "Gladenbach"]
[Date "2011.09.16"]
[Round "6.2"]
[White "Rahls, Peter"]
[Black "Striebich, Rudolf"]
[Result "1-0"]
[WhiteElo "2132"]
[BlackElo "2036"]
[PlyCount "136"]
[EventDate "2011.??.??"]
[WhiteTeam "Berlin 1"]
[BlackTeam "Baden 2"]

1. e4 c5 2. c3 d5 3. exd5 Qxd5 4. d4 cxd4 5. cxd4 Nf6 6. Nc3 Qd8 7. Nf3 e6 8.
Ne5 Be7 9. Be3 O-O 10. Bd3 Nbd7 11. O-O Nb6 12. Qf3 Nbd5 13. Rac1 Bd7 14. Qh3
Nxc3 15. Rxc3 Rc8 16. Rb3 b6 17. Bg5 g6 18. Ba6 Rc7 19. Qh4 Nd5 20. Rh3 h5 21.
Bxe7 Qxe7 22. Qg3 Qf6 23. f4 Kg7 24. Be2 Rh8 25. Qg5 Bc8 26. Qxf6+ Nxf6 27. Ra3
Nd5 28. Bf3 Rd8 29. h3 f6 30. Bxd5 Rxd5 31. Nf3 a5 32. Rc3 Rxc3 33. bxc3 b5 34.
a3 Rd6 35. Kf2 Bb7 36. Nd2 Kf7 37. g4 hxg4 38. hxg4 Rd5 39. Nb3 a4 40. Nc5 Bc8
41. Rb1 e5 42. fxe5 fxe5 43. Ke3 exd4+ 44. cxd4 Bxg4 45. Rxb5 Bf5 46. Rb7+ Kf6
47. Ne4+ Bxe4 48. Kxe4 Ra5 49. Rb6+ Kf7 50. d5 g5 51. Ke5 Ra7 52. Rb4 Re7+ 53.
Kd6 Ra7 54. Kc6 Ra6+ 55. Kc7 Ra7+ 56. Kb6 Ra8 57. Kc5 Ra5+ 58. Kd4 Kf6 59. Rb8
Ra7 60. Rf8+ Kg6 61. d6 g4 62. Rg8+ Kf5 63. Kd5 Kf4 64. Ke6 g3 65. d7 Rxd7 66.
Kxd7 Kf3 67. Kc6 g2 68. Kb5 Kf2 1-0

[Event "Berlin 1-Baden 2"]
[Site "Gladenbach"]
[Date "2011.09.16"]
[Round "6.3"]
[White "Sandmeier, Toni"]
[Black "Thormann, Wolfgang"]
[Result "1/2-1/2"]
[WhiteElo "2135"]
[BlackElo "2203"]
[PlyCount "22"]
[EventDate "2011.??.??"]
[WhiteTeam "Baden 2"]
[BlackTeam "Berlin 1"]

1. c4 e5 2. Nf3 d6 3. g3 Nc6 4. Nc3 Be6 5. d3 Qd7 6. Ng5 Bf5 7. e4 Bg4 8. f3
Bh5 9. Bh3 Qd8 10. Bg2 h6 11. Nh3 Nf6 1/2-1/2

[Event "Berlin 1-Baden 2"]
[Site "Gladenbach"]
[Date "2011.09.16"]
[Round "6.4"]
[White "Sprotte, Norbert"]
[Black "Hurst, Peter"]
[Result "0-1"]
[WhiteElo "2146"]
[BlackElo "2011"]
[PlyCount "68"]
[EventDate "2011.??.??"]
[WhiteTeam "Berlin 1"]
[BlackTeam "Baden 2"]

1. d4 d5 2. Nf3 e6 3. Bf4 f5 4. e3 Nf6 5. c4 c6 6. Nc3 Be7 7. Bd3 O-O 8. Qc2
Ne4 9. g4 Na6 10. a3 Nxc3 11. bxc3 Nc7 12. gxf5 exf5 13. Rg1 Kh8 14. Be5 Bf6
15. cxd5 Bxe5 16. Nxe5 Nxd5 17. c4 Nf4 18. O-O-O Nxd3+ 19. Qxd3 Be6 20. Rd2 Rc8
21. f4 Rc7 22. Rc2 Qe7 23. Rgg2 b5 24. Rc3 bxc4 25. Nxc4 Bd5 26. Rb2 Be4 27.
Qd2 Rd8 28. Rcb3 Bd5 29. Rc3 c5 30. Ne5 cxd4 31. Rxc7 Qxc7+ 32. Rc2 Qe7 33. Qa5
d3 34. Qxd5 Qxa3+ 0-1

[Event "Brandenburg-Rheinlandpfalz"]
[Site "Gladenbach"]
[Date "2011.09.16"]
[Round "6.1"]
[White "Müller, Lutz"]
[Black "Walter, Günter"]
[Result "0-1"]
[WhiteElo "1908"]
[BlackElo "2185"]
[PlyCount "50"]
[EventDate "2011.??.??"]
[WhiteTeam "Rheinlandpfalz"]
[BlackTeam "Brandenburg"]

1. d4 Nf6 2. Nf3 e6 3. e3 c5 4. Bd3 d5 5. b3 Nbd7 6. Bb2 Be7 7. Nbd2 O-O 8. O-O
b6 9. Qe2 Bb7 10. Rfd1 Qc7 11. Rac1 Rac8 12. c4 Qb8 13. e4 dxe4 14. Nxe4 cxd4
15. Bxd4 Rfd8 16. Neg5 Nf8 17. Be5 Qa8 18. Bxf6 gxf6 19. Nh3 Ng6 20. Bxg6 fxg6
21. Ne1 Rxd1 22. Qxd1 Rd8 23. Qe2 Qb8 24. Kf1 Qxh2 25. Nf3 Qd6 0-1